|
|
|
|
| LEADER |
01085nam a2200313 a 4500 |
| 001 |
c000172956 |
| 003 |
CARM |
| 005 |
20040310112642.0 |
| 008 |
751006s1975 ctu b 001 0 eng |
| 010 |
|
|
|a 74029738
|
| 019 |
1 |
|
|a 730545
|5 LACONCORD2021
|
| 020 |
|
|
|a 0300018142
|
| 035 |
|
|
|a (OCoLC)1712608
|5 LACONCORD2021
|
| 040 |
|
|
|a LC
|b eng
|c LC
|d VERC
|
| 043 |
|
|
|a n-us---
|
| 050 |
|
4 |
|a HC110.W4
|b S64
|
| 050 |
0 |
0 |
|a HC110.W4
|b S64
|
| 050 |
1 |
4 |
|a HC110.W4
|b S64
|
| 082 |
0 |
4 |
|a 330.1/6
|
| 100 |
1 |
|
|a Soltow, Lee.
|
| 245 |
1 |
0 |
|a Men and wealth in the United States, 1850-1870 /
|c Lee Soltow.
|
| 260 |
|
|
|a New Haven :
|b Yale University Press,
|c 1975.
|
| 300 |
|
|
|a xx, 206 p. :
|b graphs ;
|c 23 cm.
|
| 490 |
0 |
|
|a Yale series in economic history
|
| 504 |
|
|
|a Includes bibliographical references and index.
|
| 650 |
|
0 |
|a Wealth
|z United States
|x History.
|
| 852 |
8 |
|
|b CARM
|h A2:AJ02A0
|i B05309
|p 0165588
|f BK
|
| 999 |
f |
f |
|i feea37a7-6b18-5ca4-b101-040ace746346
|s 26ba3876-4f4c-5eaf-a042-9191068036ea
|
| 952 |
f |
f |
|p Can circulate
|a CAVAL
|b CAVAL
|c CAVAL
|d CARM 1 Store
|e B05309
|f A2:AJ02A0
|h Other scheme
|i book
|m 0165588
|